000 00905nam a2200265 i 4500
003 DO-SdBNP
005 20240316073920.0
007 ta
008 230613b2001 dr ac||| |||| 00| 0 spa d
020 _a9788482613581
040 _aDO-SdBNP
_bspa
_cBNPHU
_erda
082 4 _222
245 0 0 _aCuaderno de lengua y literatura 1 /
_ceditor, Manuel García Cartagena, ilustración Ruddy Núñez ; corrección de estilo Andrés Blanco Díaz
264 _aSanto Domingo :
_bSantillana,
_c2001.
300 _a103 páginas :
_bilustraciones ;
_c28 cm.
336 _2rdacontent
_atexto
_btxt
337 _2rdamedia
_asin mediación
_bn
338 _2rdacarrier
_avolumen
_bnc
490 _aUmbral
700 1 _aGarcía Cartagena, Manuel
_eeditor
_912067
700 1 _aNúñez, Ruddy,
_eilustración
_923171
700 1 _aBlanco Díaz, Andrés
_ecorrección de estilo
_9172
910 _aBtavárez
942 _2ddc
_cLBS1
999 _c53786
_d53786